Hermandades de Córdoba - Estadísticas

Estadísticas generales
  • Esta prueba ha sido intentada 491 veces
  • La puntuación promedio es 27 de 48
Estadísticas de respuestas
Día Hermandad % Correcto
Esperanza
80%
Borriquita
77%
Paz
77%
Estrella
73%
Huerto
72%
Domingo de Resurrección Resucitado
72%
Amor
70%
Dolores
70%
Domingo de Ramos Rescatado
68%
Vera - Cruz
68%
Merced
67%
Lunes Santo Sentencia
66%
La O
65%
Penas de Santiago
64%
Martes Santo Prendimiento
64%
Vía Crucis
62%
Sábado antes del Domingo de Pasión Bondad
60%
Nazareno
60%
Santa Faz
60%
Madrugá Buena Muerte
59%
Agonía
58%
Universitaria
58%
Presentación al Pueblo
57%
Jueves Santo Angustias
56%
Buen Suceso
56%
Pasión
55%
Miércoles de Pasión Quinta Angustia
54%
Viernes Santo Sepulcro
54%
Miércoles Santo Calvario
53%
Misericordia
53%
Perdón
53%
Remedio de Ánimas
53%
Descendimiento
52%
Caído
51%
Císter
51%
Expiración
50%
Soledad
50%
Caridad
49%
Lágrimas
48%
Cena
47%
Viernes de Dolores Providencia
45%
Jueves de Pasión Beso de Judas
44%
Esparraguero
44%
Conversión
42%
Sábado de Pasión Traslado al Sepulcro
41%
Piedad de las Palmeras
36%
Dolores de Alcolea
22%
Sangre de El Higuerón
16%
No se encontraron pruebas coincidentes
Distribución de puntuación
Porcentaje de gente con cada puntuación
Porcentaje por número respondido
Historial de tus puntuaciones
No has intentado esta prueba.